00525nam a2200157 a 450000100100000000500170001000800410002704000130006808200180008110000230009924500820012226000480020430000200025250400520027265000430032400001639720200929164416.0100304s1986 dr 000 0 spa d aDO-SdBNP a636.21bT266g1 aTejada C. Frank A.13aLa ganadería de la leche en la República Dominicana /cFrank A. Tejada C. aSanto Domingo :bEditora la Palabra,c1986. a44 p. ;c22 cm. aIncluye referencias bibliográficas (p. 43-44) 4aGanado lecherozRepública Dominicana